| 000 | 00545cam a22002051 4500 | ||
|---|---|---|---|
| 001 | 4538966 | ||
| 003 | OSt | ||
| 005 | 20160503120218.0 | ||
| 008 | 700820r1968 nyu 000 1 eng | ||
| 010 | _a 68011882 | ||
| 040 | _aSEKU | ||
| 050 | 0 | 0 |
_aPZ 3 _b.E3 _aPR 9639.3 .E38 |
| 100 | 1 |
_aEden, Dorothy, _d1912-1982. |
|
| 245 | 1 | 4 |
_aThe shadow wife/ _c Dorothy Eden |
| 250 | _a[1st American ed.] | ||
| 260 |
_aNew York, _bCoward-McCann _c[1968, c1967] |
||
| 300 | _a252 p. | ||
| 655 | 7 |
_aRomantic suspense novels. _2gsafd |
|
| 942 |
_2lcc _cGEN |
||
| 999 |
_c13191 _d13191 |
||